000
00272nam a22001097a 4500
082
_a
737.695491 MAR'P
100
_a
MARTIN, D. R COL
_9
77828
245
_a
PAKISTAN OVERPRINTS ON INDIAN STAMPS 1848-49
260
_a
LONDON
_b
ROSON LOWE
_c
1974
300
_a
146P
942
_c
BK
999
_c
583037
_d
583037